ბათუმის შოთა რუსთაველის სახელმწიფო უნივერსიტეტის ბიბლიოთეკა

წმინდა პატრიარქი ანტონ II და წმინდა ილარიონ ქართველი–საკვირველმოქმედი / (ბიბ.ჩანაწერი № 42421)

000 -ლიდერი
ფიქსირებული სიგრძის საკონტროლო ველი 01896nam a2200289Ia 4500
001 - საკონტროლო ნომერი
საკონტროლო ველი 9117
003 - საკონტროლო ნომრის იდენტიფიკატორი
საკონტროლო ველი GE_BSU
005 - ბოლო ოპერაციის თარიღი და დრო
საკონტროლო ველი 20240604153513.0
008 - ფიქსირებული სიგრძის მონაცემთა ელემენტები - ზოგადი ინფორმაცია
ფიქსირებული სიგრძის საკონტროლო ველი 181216s||||||||xx |||||||||||||| ||und||
020 ## - წიგნის საერთაშორისო სტანდარტული ნომერი
International Standard Book Number 9789941215438
040 ## - კატალოგიზაციის წყარო
Transcribing agency GE_BSU
041 ## - ენის კოდი
Language code of text/sound track or separate title geo
080 ## - უნივერსალური ათობითი კლასიფიკაციის ინდექსი
Universal Decimal Classification number 27-36 წ–71
245 ## - ცნობა სათაურის შესახებ
Title წმინდა პატრიარქი ანტონ II და წმინდა ილარიონ ქართველი–საკვირველმოქმედი /
Statement of responsibility, etc შემდგ. სოფიო თავაძე ; პროექტის რედ. თამარ მამაცაშვილი.
264 ## - წარმოების, გამოცემის, დისტრიბუციის და სხვა ცნობები
გამოცემის, წარმოების, დისტრიბუციის... ადგილი თბილისი :
გამოცემის, წარმოების, დისტრიბუციის... სახელწოდება პალიტრა L,
გამოცემის, წარმოების, დისტრიბუციის... თარიღი 2014.
300 ## - ფიზიკური აღწერა
Extent 123 გვ. :
Other physical details ილ. ;
Dimensions 20სმ.
490 ## - სერიის ცნობა
Series statement საქართველოს იმედი : ყველა წმინდანი, რომელთა შესახებაც უნდა იცოდე, 2298-0547 / პროექტის რედ. თამარ მამაცაშვილი ;
Volume number/sequential designation წ. 40.
500 ## - ზოგადი შენიშვნა
General note იბეჭდება სრ. საქ. კათოლიკოს-პატრიარქის ილია II-ის ლოცვა-კურთხევით
504 ## - BIBLIOGRAPHY, ETC. NOTE
Bibliography, etc ბიბლიოგრ. გვ. 131
653 ## - INDEX TERM--UNCONTROLLED
Uncontrolled term წმინდა პატრიარქი ანტონ II და წმინდა ილარიონ ქართველი–საკვირველმოქმედი
653 ## - INDEX TERM--UNCONTROLLED
Uncontrolled term ილარიონ ქართველი, 823-876
653 ## - INDEX TERM--UNCONTROLLED
Uncontrolled term ქართველი წმინდანები
653 ## - INDEX TERM--UNCONTROLLED
Uncontrolled term საქართველოს კათოლიკოს-პატრიარქები
700 ## - ADDED ENTRY--PERSONAL NAME
Personal name მამაცაშვილი, თამარ
Relator term ავტორი
9 (RLIN) 22319
942 ## - ADDED ENTRY ELEMENTS (KOHA)
Koha item type წიგნი
Source of classification or shelving scheme
ეგზემპლარები
ჩამოწერის სტატუსი დაკარგული ეგზემპლარის სტატუსი კლასიფიკაციის წყარო ან თაროზე გაწყობის სქემა დაზიანების სტატუსი არ გაიცემა მუდმივი მდებარეობა (დაცვის ადგილი) ამჟამინდელი ადგილსამყოფელი თაროზე განთავსების ადგილი შეძენის თარიღი ღირებულება, შესყიდვის ნორმალური ფასი სრული შენახვის შიფრი შტრიხკოდი ბოლო ოპერაციის თარიღი ეგზემპლარის მიმდევრობითი ნომერი (კეტერი?) ფასის ძალაში შესვლის თარიღი ეგზემპლარის სახეობა საჯარო შენიშვნა
          ბათუმის შოთა რუსთაველის სახელმწიფო უნივერსიტეტის მთავარი ბიბლიოთეკა ბათუმის შოთა რუსთაველის სახელმწიფო უნივერსიტეტის მთავარი ბიბლიოთეკა წიგნსაცავი 2018-12-17 3.00 27-36 წ–71 26802 2018-12-17 26802 2018-12-17 წიგნი 3.00 ₾.